00965cas a22002777a 450000500170000000800410001701000100005801100100006803500100007824500860008826000930017430000070026731000150027436200200028950000530030959000410036259000410040359000410044459000420048565000550052786600190058286600320060190100070063390500300064099900170067020220329142129.0990830d1979 mx qr pernn 0 uub1spa d a78906 a79878 a9029300aCapacitaciónc/por Instituto Nacional de Capacitación del Sector Agropecuario0 aMéxico, D.F. :bInstituto Nacional de Capacitación del Sector Agropecuario,c1979- . av. aTrimestral av.4 n.1-2, 1983 aSe dejó de recibir a partir del v.5 n.4, 1984. aBATCH-UPDb10c20130110lUCH01h1758 aBATCH-UPDb10c20130410lUCH01h1135 aBATCH-UPDb10c20130914lUCH01h0839 aCONVERSIONb10c20130109lUCH01h134414aCapacitaciónxPublicaciones periódicas.918694 av.1 n.1 (1879) av.4 n.1-v.5 n.4 (1983-1984) aSE aMa. del Socorro Iturbe C. c78906d78906